<?xml version="1.0" encoding="UTF-8"?>
<record
    xmlns:xsi="http://www.w3.org/2001/XMLSchema-instance"
    xsi:schemaLocation="http://www.loc.gov/MARC21/slim http://www.loc.gov/standards/marcxml/schema/MARC21slim.xsd"
    xmlns="http://www.loc.gov/MARC21/slim">

  <leader>02070nam a2200301uu 4500</leader>
  <controlfield tag="001">1370793</controlfield>
  <controlfield tag="005">20260508084945.0</controlfield>
  <controlfield tag="007">co|||||||</controlfield>
  <controlfield tag="008">140516s2013                        spa  </controlfield>
  <datafield tag="035" ind1=" " ind2=" ">
    <subfield code="a">1370793</subfield>
  </datafield>
  <datafield tag="040" ind1=" " ind2=" ">
    <subfield code="c">comduadb</subfield>
  </datafield>
  <datafield tag="041" ind1=" " ind2=" ">
    <subfield code="a">spa</subfield>
  </datafield>
  <datafield tag="080" ind1=" " ind2=" ">
    <subfield code="a">TQ</subfield>
  </datafield>
  <datafield tag="082" ind1=" " ind2="4">
    <subfield code="a">616</subfield>
  </datafield>
  <datafield tag="100" ind1="1" ind2="0">
    <subfield code="a">Yepes Jim&#xE9;nez, Natalia</subfield>
    <subfield code="4">aut</subfield>
    <subfield code="e">aut</subfield>
    <subfield code="9">636907</subfield>
  </datafield>
  <datafield tag="245" ind1="1" ind2="0">
    <subfield code="a">Desarrollo y validaci&#xF3;n de un m&#xE9;todo para la cuantificaci&#xF3;n simult&#xE1;nea de lumefantrina, artemeter y su metabolito dihidroartemisinina en plasma por HPLC masas</subfield>
  </datafield>
  <datafield tag="260" ind1=" " ind2=" ">
    <subfield code="a">Medell&#xED;n :</subfield>
    <subfield code="b">Autor(a),</subfield>
    <subfield code="c">2013.</subfield>
  </datafield>
  <datafield tag="300" ind1=" " ind2=" ">
    <subfield code="a">1 CD-ROM</subfield>
  </datafield>
  <datafield tag="520" ind1="3" ind2=" ">
    <subfield code="a">La malaria es una enfermedad tropical producida por par&#xE1;sitos del g&#xE9;nero Plasmodium que constituye un importante problema de salud p&#xFA;blica tanto a nivel mundial como a nivel nacional. Actualmente en Colombia, el esquema combinado de tratamiento para malaria no complicada por P. falciparum es una terapia basada en artemisininas compuesta por artemeter-lumefantrina. En Am&#xE9;rica y en Asia se ha encontrado un aumento de la falla terap&#xE9;utica con esta combinaci&#xF3;n, lo que es inquietante; ya que no hay otras alternativas terap&#xE9;uticas para la malaria no complicada por P.falciparum que puedan reemplazar a las artemisininas. Hasta el momento la eficacia de combinaciones terap&#xE9;uticas con derivados de la artemisinina se ha estudiado en Colombia mediante la evaluaci&#xF3;n de la respuesta cl&#xED;nica y parasitol&#xF3;gica a los tratamientos, lo que ha permitido identificar si hay una falla o no del tratamiento; pero no ayuda a esclarecer las causas de esta. Por esto se deben realizar estudios adicionales de determinaci&#xF3;n de la concentraci&#xF3;n plasm&#xE1;tica de los principios activos en los pacientes, con el fin de verificar la adecuada absorci&#xF3;n del antimal&#xE1;rico.</subfield>
  </datafield>
  <datafield tag="650" ind1=" " ind2=" ">
    <subfield code="a">Antimal&#xE1;ricos</subfield>
    <subfield code="9">28220</subfield>
  </datafield>
  <datafield tag="650" ind1=" " ind2=" ">
    <subfield code="a">Malaria - Tratamiento</subfield>
    <subfield code="9">69876</subfield>
  </datafield>
  <datafield tag="650" ind1=" " ind2=" ">
    <subfield code="a">Plasmodium</subfield>
    <subfield code="9">81555</subfield>
  </datafield>
  <datafield tag="650" ind1=" " ind2=" ">
    <subfield code="a">Malaria - Diagn&#xF3;stico</subfield>
    <subfield code="9">52664</subfield>
  </datafield>
  <datafield tag="700" ind1="1" ind2="0">
    <subfield code="a">Ruiz Correa, Adriana Maria</subfield>
    <subfield code="4">ths</subfield>
    <subfield code="e">ths</subfield>
    <subfield code="9">288652</subfield>
  </datafield>
  <datafield tag="942" ind1=" " ind2=" ">
    <subfield code="c">TESIS</subfield>
  </datafield>
  <datafield tag="999" ind1=" " ind2=" ">
    <subfield code="c">682531</subfield>
    <subfield code="d">682531</subfield>
  </datafield>
  <datafield tag="502" ind1=" " ind2=" ">
    <subfield code="b">101</subfield>
    <subfield code="c">11</subfield>
  </datafield>
  <datafield tag="526" ind1=" " ind2=" ">
    <subfield code="a">102</subfield>
  </datafield>
  <datafield tag="952" ind1=" " ind2=" ">
    <subfield code="0">0</subfield>
    <subfield code="1">0</subfield>
    <subfield code="4">0</subfield>
    <subfield code="7">0</subfield>
    <subfield code="8">TESDIGBC</subfield>
    <subfield code="a">BC</subfield>
    <subfield code="b">BC</subfield>
    <subfield code="d">2014-05-16</subfield>
    <subfield code="e">Material adquirido por donaci&#xF3;n</subfield>
    <subfield code="i">C1203853</subfield>
    <subfield code="l">0</subfield>
    <subfield code="o">616.9362 Y47 CD-ROM</subfield>
    <subfield code="p">0991433</subfield>
    <subfield code="r">2025-03-25 18:34:29</subfield>
    <subfield code="t">1</subfield>
    <subfield code="w">2023-05-02</subfield>
    <subfield code="y">DIGITAL</subfield>
  </datafield>
</record>
